| 000 | 01813nam a2200385 c 4500 | ||
|---|---|---|---|
| 999 |
_c115195 _d115195 |
||
| 003 | BLK | ||
| 005 | 20210122100059.0 | ||
| 008 | 180409b bul|||||r ||||||| ||bul|| | ||
| 010 | _aKNG00120667000 | ||
| 040 | _aBLK | ||
| 041 |
_aBUL _cBUL |
||
| 080 |
_aКарикатура. Комикс _b741.5 _x(497.2)(091) _z741.5(497.2)(091) |
||
| 100 | 1 |
_aСтойков, Атанас _eпърви автор _gАтанасов, Атанас Стойков _9369553 |
|
| 139 |
_aСтойков, Атанас _bС 78 |
||
| 245 | 1 | 0 |
_aБългарската карикатура _bКратък очерк за нейния път и за творчеството на Ал. Божинов, Ил. Бешков, Ал. Жендов, Б. Ангелушев и Ст. Венев _cАтанас Стойков. |
| 257 | _aBGR | ||
| 260 |
_bБълг. художник _c1970 _aСофия |
||
| 300 |
_a224 с. _bс репр., портр. _c28 см |
||
| 380 | _a7 | ||
| 500 | _aСъдържа Псевдоними на бълг. художници-хумористи и карикатуристи ; Списък на репродукциите. | ||
| 600 | 1 | 4 |
_aБожинов, Александър _9373182 |
| 600 | 1 | 4 |
_aБешков, Илия _9255376 |
| 600 | 1 | 4 |
_aЖендов, Александър Стефанов _9299624 |
| 600 | 1 | 4 |
_aАнгелушев, Борис Димитров _9365105 |
| 600 | 1 | 4 |
_aВенев, Стоян _9305804 |
| 650 | 4 |
_aКарикатуристи, български _9293582 |
|
| 650 | 4 |
_aКарикатура, българска _9242411 |
|
| 653 | _aкарикатура | ||
| 653 | _aкарикатуристи | ||
| 852 |
_aЦб ІІ 3915 _bЦб |
||
| 856 | 4 | _qpdf | |
| 856 | 4 | _qpdf | |
| 942 |
_cKNG _n0 _s1 |
||
| 944 |
_aCR _c07.01.2011 _lдобави в АБ / 06.01.2011 _kИрена_Линкова |
||
| 944 |
_aED _c20.03.2013 _lдобави в АБ / 06.01.2011 |
||
| 999 | _d115195 | ||